[Event "Ukrainian e-mail Cup, the 2nd semifinal"]
[Site "2PFK"]
[Date "2003.??.??"]
[Round "?"]
[White "Sukhov, N.."]
[Black "Ugrinovsky, A.."]
[Result "1-0"]
[WhiteElo "2000"]
[BlackElo "2275"]
[PlyCount "87"]
[EventDate "2003.??.??"]

1. e4 e5 2. Nf3 Nc6 3. d4 exd4 4. Nxd4 Nf6 5. Nxc6 bxc6 6. e5 Qe7 7. Qe2 Nd5 8.
c4 Ba6 9. b3 O-O-O 10. Nd2 Re8 11. Bb2 Qg5 12. O-O-O Bb4 13. Qd3 h6 14. a3
Bxd2+ 15. Rxd2 Nb6 16. h4 Qe7 17. Qg3 Rhg8 18. c5 Bxf1 19. cxb6 Ba6 20. bxa7
Qc5+ 21. Kb1 Qxa7 22. Rhd1 Re7 23. Qg4 Rd8 24. Qxg7 Qb6 25. b4 c5 26. bxc5 Qxc5
27. Qxh6 Re6 28. Qf4 Rb6 29. Ka1 Rb3 30. Rc1 Qa5 31. Rdc2 Rb7 32. Qd2 Qxd2 33.
Rxd2 Rb6 34. h5 Bb7 35. g4 Rg8 36. Rd4 Rh6 37. Rb4 Bc6 38. Bc3 Bf3 39. Rcb1 Rb6
40. h6 Rxb4 41. Rxb4 Bxg4 42. h7 Rh8 43. e6 f6 44. e7 1-0

[Event "Ukrainian e-mail Cup, the 2nd semifinal"]
[Site "2PFK"]
[Date "2003.??.??"]
[Round "?"]
[White "Khudoly, K.."]
[Black "Sukhov, N.."]
[Result "1/2-1/2"]
[WhiteElo "2100"]
[BlackElo "2000"]
[PlyCount "70"]
[EventDate "2003.??.??"]

1. e4 e6 2. d4 d5 3. e5 c5 4. c3 Nc6 5. Nf3 Qb6 6. a3 c4 7. Nbd2 f6 8. Be2 fxe5
9. Nxe5 Nxe5 10. dxe5 Bc5 11. O-O Ne7 12. b4 cxb3 13. Nxb3 O-O 14. Nxc5 Qxc5
15. Qd3 Qc7 16. f4 Bd7 17. c4 Rad8 18. a4 Rc8 19. cxd5 Nxd5 20. Bd2 a6 21. Kh1
Qc2 22. Qd4 Qc5 23. Qe4 Bc6 24. Qd3 Rfd8 25. Rac1 Qe7 26. Qg3 Qf7 27. Bd3 Ne7
28. Qh3 Nf5 29. a5 Qd7 30. Bxf5 exf5 31. Bb4 Qd3 32. Qxd3 Rxd3 33. Kg1 Kf7 34.
Rfd1 Re3 35. Re1 Rxe1+ 1/2-1/2

[Event "Ukrainian e-mail Cup, the 2nd semifinal"]
[Site "2PFK"]
[Date "2003.??.??"]
[Round "?"]
[White "Degteriov, P.."]
[Black "Svidlo, A.."]
[Result "1-0"]
[WhiteElo "2081"]
[BlackElo "2000"]
[PlyCount "73"]
[EventDate "2003.??.??"]

1. e4 e5 2. Nf3 Nc6 3. Bc4 Bc5 4. O-O Nf6 5. d3 O-O 6. Nc3 d6 7. Bg5 h6 8. Bxf6
Qxf6 9. Nd5 Qd8 10. c3 Bg4 11. b4 Bb6 12. a4 a6 13. h3 Be6 14. Nxb6 cxb6 15.
Bxe6 fxe6 16. Qb3 d5 17. exd5 exd5 18. Rae1 Re8 19. Re3 Qd6 20. Rfe1 Re6 21. b5
axb5 22. axb5 Na5 23. Qb4 Qxb4 24. cxb4 Nb3 25. d4 Na1 26. Rxe5 Rxe5 27. Rxe5
Rd8 28. Re7 Nc2 29. Rxb7 Rd6 30. Ra7 Nxb4 31. Ne5 Kh7 32. Rc7 Re6 33. Nd7 Re1+
34. Kh2 Re2 35. Nxb6 Rxf2 36. Na4 Rf8 37. b6 1-0

[Event "Ukrainian e-mail Cup, the 2nd semifinal"]
[Site "2PFK"]
[Date "2003.??.??"]
[Round "?"]
[White "Dovzhenko, V.."]
[Black "Saenko, O.."]
[Result "1/2-1/2"]
[WhiteElo "2231"]
[BlackElo "2291"]
[PlyCount "128"]
[EventDate "2003.??.??"]

1. e4 c5 2. b3 Nc6 3. Bb2 d6 4. g3 d5 5. exd5 Qxd5 6. Qf3 Nf6 7. Bg2 Qd6 8. Ne2
Bg4 9. Qe3 Rd8 10. O-O h5 11. d3 h4 12. Na3 Nd5 13. Qe4 Bxe2 14. Qxe2 Nd4 15.
Qd2 Qe5 16. Rae1 Qh5 17. Bh1 e6 18. Nc4 Be7 19. Re5 Nf3+ 20. Bxf3 Qxf3 21. Qe2
Qxe2 22. Rxe2 b5 23. Ne5 Bf6 24. c4 bxc4 25. dxc4 Nb4 26. a3 Nd3 27. Nxd3 Rxd3
28. Bxf6 gxf6 29. Rb1 Ke7 30. Re3 Rxe3 31. fxe3 hxg3 32. hxg3 a5 33. b4 cxb4
34. axb4 Rb8 35. b5 Kd6 36. Ra1 Ra8 37. Ra4 f5 38. Kf2 Kc5 39. Kf3 Kb6 40. g4
fxg4+ 41. Kxg4 f6 42. Kf4 Rh8 43. Ke4 Rh1 44. Kd3 Rd1+ 45. Ke2 Rb1 46. Kd3 Rb3+
47. Kd2 f5 48. Ra1 Rb4 49. Kd3 Kc5 50. Rxa5 Rb3+ 51. Ke2 Kxc4 52. Kf3 Kd5 53.
b6+ Kd6 54. Ra6 Ke5 55. Ra5+ Kf6 56. Ra6 e5 57. Ke2 Kg5 58. Kd2 Kg4 59. Kc2 Rb5
60. Kc3 Kf3 61. Kd3 e4+ 62. Kc4 Rb1 63. Kd4 Rd1+ 64. Kc5 Rc1+ 1/2-1/2

[Event "Ukrainian e-mail Cup, the 2nd semifinal"]
[Site "2PFK"]
[Date "2003.??.??"]
[Round "?"]
[White "Zhelezny, A.."]
[Black "Rybchenko, A.."]
[Result "0-1"]
[WhiteElo "2000"]
[BlackElo "2105"]
[PlyCount "74"]
[EventDate "2003.??.??"]

1. e4 e5 2. f4 exf4 3. Nf3 g5 4. h4 g4 5. Ne5 Nf6 6. Bc4 Qe7 7. d4 Bg7 8. Nc3
d6 9. Nxf7 Rf8 10. O-O Rxf7 11. Bxf7+ Qxf7 12. Bxf4 Qc4 13. Qd2 Be6 14. Bh6 Bh8
15. b3 Qb4 16. a3 Qa5 17. Rae1 Nbd7 18. Nd5 Qxd2 19. Nxc7+ Kd8 20. Nxe6+ Ke7
21. Bxd2 Kxe6 22. Rf4 b5 23. Re2 a5 24. Kh2 a4 25. Bb4 Ne8 26. d5+ Ke7 27. Rxg4
Be5+ 28. Kh3 h5 29. Rg8 Kf7 30. Rg5 Nef6 31. g3 Rc8 32. Rf5 Rg8 33. Re3 Rc8 34.
bxa4 bxa4 35. Re2 Rc4 36. Kg2 Ke8 37. c3 Kd8 0-1

[Event "Ukrainian e-mail Cup, the 2nd semifinal"]
[Site "2PFK"]
[Date "2003.??.??"]
[Round "?"]
[White "Zhila, V.."]
[Black "Omesj, V.."]
[Result "1-0"]
[WhiteElo "2000"]
[BlackElo "2000"]
[PlyCount "63"]
[EventDate "2003.??.??"]

1. e4 Nf6 2. e5 Nd5 3. c4 Nb6 4. c5 Nd5 5. d4 e6 6. Nc3 d6 7. cxd6 cxd6 8. f4
dxe5 9. fxe5 Qh4+ 10. Ke2 Nc6 11. Nf3 Qd8 12. Kf2 Bb4 13. Ne4 O-O 14. Bd3 Ba5
15. g3 f5 16. exf6 Nxf6 17. Kg2 Qd5 18. Nc3 Qh5 19. Ne5 Nxd4 20. Qxh5 Nxh5 21.
Be3 Nc6 22. Nxc6 bxc6 23. Na4 Nf6 24. Rhf1 Re8 25. Bc5 e5 26. b4 Bc7 27. Bc4+
Be6 28. Bxe6+ Rxe6 29. Rad1 a5 30. Nc3 axb4 31. Bxb4 Bb6 32. Rd6 {
The Blacks have stopped cjrresponding.} 1-0

[Event "Ukrainian e-mail Cup, the 2nd semifinal"]
[Site "2PFK"]
[Date "2003.??.??"]
[Round "?"]
[White "Landik, Yu."]
[Black "Kulik, G.."]
[Result "1-0"]
[WhiteElo "2000"]
[BlackElo "2100"]
[PlyCount "37"]
[EventDate "2003.??.??"]

1. e4 e5 2. Nf3 Nc6 3. Bc4 Nf6 4. Ng5 d5 5. exd5 Nd4 6. c3 b5 7. Bf1 Nxd5 8.
Ne4 Ne6 9. Bxb5+ Bd7 10. Bxd7+ Qxd7 11. O-O f5 12. Ng3 g6 13. d4 exd4 14. cxd4
Bg7 15. Ne2 O-O 16. Nbc3 Rab8 17. Qd3 Rfe8 18. Rb1 Rb4 19. Be3 1-0

[Event "Ukrainian e-mail Cup, the 2nd semifinal"]
[Site "2PFK"]
[Date "2003.??.??"]
[Round "?"]
[White "Kulik, G.."]
[Black "Krainyk, T.."]
[Result "0-1"]
[WhiteElo "2100"]
[BlackElo "2100"]
[PlyCount "56"]
[EventDate "2003.??.??"]

1. e4 e5 2. Nf3 Nc6 3. Bb5 a6 4. Ba4 Nf6 5. O-O Be7 6. Re1 b5 7. Bb3 d6 8. c3
O-O 9. d4 Bg4 10. Be3 exd4 11. cxd4 Na5 12. Bc2 c5 13. dxc5 dxc5 14. Nbd2 Nc6
15. Rc1 c4 16. h3 Bh5 17. a3 Qc7 18. Qe2 Rad8 19. Qf1 Rfe8 20. g4 Bg6 21. Bg5
Ne5 22. Qe2 c3 23. bxc3 Bxa3 24. Ra1 Qxc3 25. Nxe5 Rxe5 26. Bxf6 gxf6 27. Nf3
Rc5 28. Ra2 a5 0-1

[Event "Ukrainian e-mail Cup, the 2nd semifinal"]
[Site "2PFK"]
[Date "2003.??.??"]
[Round "?"]
[White "Omesj, V.."]
[Black "Landik, Yu."]
[Result "0-1"]
[WhiteElo "2000"]
[BlackElo "2000"]
[PlyCount "52"]
[EventDate "2003.??.??"]

1. e4 e5 2. Nf3 Nc6 3. Bb5 a6 4. Ba4 Nf6 5. O-O Nxe4 6. d4 b5 7. Bb3 d5 8. dxe5
Be6 9. c3 Be7 10. Nbd2 O-O 11. Bc2 f5 12. Nb3 Qd7 13. Nfd4 Nxd4 14. Nxd4 c5 15.
Nxe6 Qxe6 16. f3 Ng5 17. Bxg5 Bxg5 18. f4 Bd8 19. a4 Rc8 20. axb5 axb5 21. Kh1
c4 22. Qh5 b4 23. g4 d4 24. gxf5 Qc6+ 25. Rf3 b3 26. Bb1 26... d3 {
The Whites have stopped corresponding.} 0-1

[Event "Ukrainian e-mail Cup, the 2nd semifinal"]
[Site "2PFK"]
[Date "2003.??.??"]
[Round "?"]
[White "Svidlo, A.."]
[Black "Dovzhenko, V.."]
[Result "0-1"]
[WhiteElo "2000"]
[BlackElo "2231"]
[PlyCount "46"]
[EventDate "2003.??.??"]

1. e4 e5 2. Nf3 Nc6 3. Bb5 f5 4. d3 fxe4 5. dxe4 Nf6 6. O-O Bc5 7. Bxc6 bxc6 8.
Nxe5 O-O 9. Bg5 Qe8 10. Bxf6 Rxf6 11. Nd3 Bb6 12. e5 Rf8 13. Nd2 d5 14. Re1 Bf5
15. Nf3 Be4 16. Rf1 Bxf3 17. gxf3 c5 18. Re1 c4 19. Nb4 c6 20. e6 Rf6 21. e7
Qf7 22. b3 Re8 23. bxc4 dxc4 0-1

[Event "Ukrainian e-mail Cup, the 2nd semifinal"]
[Site "2PFK"]
[Date "2003.??.??"]
[Round "?"]
[White "Sokolov, V.."]
[Black "Degteriov, P.."]
[Result "1-0"]
[WhiteElo "2000"]
[BlackElo "2081"]
[PlyCount "141"]
[EventDate "2003.??.??"]

1. e4 e5 2. Nf3 Nc6 3. Bb5 a6 4. Ba4 Nf6 5. O-O Be7 6. Re1 b5 7. Bb3 d6 8. c3
O-O 9. h3 h6 10. d4 Re8 11. Nbd2 Bf8 12. Nf1 Bb7 13. Ng3 Na5 14. Bc2 Nc4 15. b3
Nb6 16. a4 bxa4 17. bxa4 a5 18. Rb1 Bc6 19. d5 Bd7 20. c4 Qe7 21. Nd2 g6 22.
Re3 Nh7 23. Ne2 Nf6 24. Nc3 Reb8 25. Nb5 Be8 26. Ra3 c6 27. Nc3 cxd5 28. cxd5
Nfd7 29. Nb3 Rc8 30. Nb5 Qd8 31. Bd3 Nc5 32. Nxc5 dxc5 33. Bc2 c4 34. Rg3 Bxb5
35. Rxb5 Nd7 36. Bd2 Rcb8 37. Rxb8 Rxb8 38. Qe2 Qc7 39. Rc3 Rc8 40. Bc1 Qc5 41.
Rf3 c3 42. Qa6 Qc7 43. d6 Bxd6 44. Bb3 Rf8 45. Bxh6 Nc5 46. Qc4 Nxb3 47. Qxc7
Bxc7 48. Rxc3 Rb8 49. Rxc7 Rb4 50. f3 Nd4 51. Rc5 Rxa4 52. Rxe5 Ra1+ 53. Kf2
Ra2+ 54. Kg3 Ne2+ 55. Kg4 Nd4 56. g3 f5+ 57. exf5 Nxf5 58. Bf4 Kf7 59. Rb5 Ne7
60. h4 a4 61. Rb7 Ke6 62. Rb6+ Kf7 63. Bg5 Nd5 64. Rd6 Nb4 65. Rf6+ Kg7 66. Rb6
Nd3 67. Bf6+ Kf7 68. Bd4 a3 69. Rf6+ Ke8 70. Rxg6 Rc2 71. f4 1-0

[Event "Ukrainian e-mail Cup, the 2nd semifinal"]
[Site "2PFK"]
[Date "2003.??.??"]
[Round "?"]
[White "Sukhov, N.."]
[Black "Bubir, A.."]
[Result "0-1"]
[WhiteElo "2000"]
[BlackElo "2181"]
[PlyCount "114"]
[EventDate "2003.??.??"]

1. e4 c5 2. Nf3 d6 3. d4 cxd4 4. Nxd4 Nf6 5. Nc3 a6 6. Bg5 e6 7. f4 Be7 8. Qf3
Qc7 9. O-O-O Nbd7 10. g4 b5 11. Bxf6 Nxf6 12. g5 Nd7 13. f5 Nb6 14. g6 hxg6 15.
fxe6 fxe6 16. e5 b4 17. exd6 Bxd6 18. Ne4 Bf4+ 19. Kb1 e5 20. Ne2 O-O 21. Nxf4
Rxf4 22. Qb3+ Kh8 23. Ng5 Bg4 24. Re1 Qe7 25. h4 Qf6 26. Qe3 e4 27. Qc1 Bf3 28.
Rh2 a5 29. Be2 Kg8 30. Rf2 Rf5 31. Bxf3 exf3 32. Re6 Qd4 33. Rxf3 Nc4 34. Rd3
Qxh4 35. Re4 Qxg5 36. Rxc4 Qxc1+ 37. Kxc1 Re8 38. a3 bxa3 39. Rxa3 g5 40. Rg3
Re2 41. b3 Kf7 42. Rc6 Re4 43. Kd2 g4 44. Rg2 Ref4 45. Ra6 g6 46. Ke3 Rf3+ 47.
Ke4 R5f4+ 48. Ke5 g5 49. Rd2 Rf5+ 50. Kd4 g3 51. Rg2 R5f4+ 52. Ke5 Re3+ 53. Kd5
Rf2 54. Kd4 Ref3 55. Rg1 Rxc2 56. Rxa5 Kg6 57. b4 g2 0-1

[Event "Ukrainian e-mail Cup, the 2nd semifinal"]
[Site "2PFK"]
[Date "2003.??.??"]
[Round "?"]
[White "Ugrinovsky, A.."]
[Black "Khudoly, K.."]
[Result "0-1"]
[WhiteElo "2275"]
[BlackElo "2100"]
[PlyCount "132"]
[EventDate "2003.??.??"]

1. e4 c6 2. d4 d5 3. Nc3 dxe4 4. Nxe4 Nd7 5. Bc4 Ngf6 6. Ng5 e6 7. Qe2 Nb6 8.
Bd3 h6 9. N5f3 Bd6 10. Ne5 Qe7 11. Ngf3 Bd7 12. O-O O-O 13. a3 c5 14. Re1 cxd4
15. Nxd4 Ba4 16. b3 Bd7 17. Bb2 Rfd8 18. Qf3 Be8 19. Ng4 Nxg4 20. Qxg4 Qf6 21.
Qe4 g6 22. Qxb7 Be5 23. c3 Na4 24. bxa4 Rab8 25. Qxa7 Rxb2 26. Be2 Rxd4 27.
cxd4 Bxd4 28. Qa8 Bxf2+ 29. Kh1 Bxe1 30. Qxe8+ Kg7 31. Rxe1 Rxe2 32. Rg1 Qf2
33. h3 Re5 34. Qb8 Rd5 35. Qb3 Qd4 36. Qb4 Qe5 37. Re1 Qc7 38. Rf1 e5 39. Rb1
Rc5 40. Rd1 Rc4 41. Qb5 Rc3 42. Qb2 Rc2 43. Qb5 Ra2 44. Qb4 Qc2 45. Rg1 Rb2 46.
Qd6 Qe4 47. Kh2 g5 48. a5 g4 49. Qd7 Ra2 50. a6 Rxa3 51. Rf1 Qc4 52. Qf5 Qe6
53. hxg4 Qxf5 54. Rxf5 f6 55. Rf3 Rxa6 56. Rc3 Kg6 57. Kg3 h5 58. gxh5+ Kxh5
59. Kh3 f5 60. g3 e4 61. Rc8 Kg5 62. Rg8+ Kf6 63. Rf8+ Ke5 64. g4 fxg4+ 65.
Kxg4 Rg6+ 66. Kh3 e3 0-1

[Event "Ukrainian e-mail Cup, the 2nd semifinal"]
[Site "2PFK"]
[Date "2003.??.??"]
[Round "?"]
[White "Bubir, A.."]
[Black "Ugrinovsky, A.."]
[Result "0-1"]
[WhiteElo "2181"]
[BlackElo "2275"]
[PlyCount "42"]
[EventDate "2003.??.??"]

1. e4 e5 2. Nf3 Nc6 3. Bb5 a6 4. Ba4 Nf6 5. O-O Be7 6. Re1 b5 7. Bb3 O-O 8. c3
d5 9. exd5 Nxd5 10. Nxe5 Nxe5 11. Rxe5 c6 12. d4 Bd6 13. Re1 Qh4 14. g3 Qh3 15.
Re4 g5 16. Qf3 Bf5 17. Bc2 Bf4 18. Bxf4 Nxf4 19. Nd2 Bg4 20. Qh1 f5 21. Re6
Nxe6 0-1

[Event "Ukrainian e-mail Cup, the 2nd semifinal"]
[Site "2PFK"]
[Date "2003.??.??"]
[Round "?"]
[White "Degteriov, P.."]
[Black "Sukhov, N.."]
[Result "1/2-1/2"]
[WhiteElo "2081"]
[BlackElo "2000"]
[PlyCount "98"]
[EventDate "2003.??.??"]

1. e4 c5 2. Nf3 Nc6 3. d4 cxd4 4. Nxd4 e5 5. Nb5 Nf6 6. N1c3 d6 7. Nd5 Nxd5 8.
exd5 Ne7 9. c3 Nf5 10. Bd3 a6 11. Na3 g6 12. O-O Bg7 13. Nc4 O-O 14. a4 Ne7 15.
Be2 b6 16. Bg5 Rb8 17. Qb3 f6 18. Be3 Kh8 19. Rfd1 b5 20. axb5 axb5 21. Na3 f5
22. f4 g5 23. fxe5 Bxe5 24. Nc4 Bf6 25. Bf2 f4 26. Ra7 g4 27. Qb4 f3 28. Bf1
fxg2 29. Bxg2 g3 30. Bxg3 Bg4 31. Rf1 bxc4 32. Qxd6 Qb6+ 33. Qxb6 Rxb6 34. Rf2
Nf5 35. Bc7 Rb5 36. h3 Bg5 37. Kh1 Be3 38. Rxf5 Rxf5 39. hxg4 Rf2 40. Ra2 Kg7
41. Bg3 Rfxb2 42. Rxb2 Rxb2 43. d6 Kf6 44. d7 Ke7 45. Bc6 Bb6 46. Ba4 Ke6 47.
Bh4 Rd2 48. Bb5 h6 49. g5 hxg5 1/2-1/2

[Event "Ukrainian e-mail Cup, the 2nd semifinal"]
[Site "2PFK"]
[Date "2003.??.??"]
[Round "?"]
[White "Dovzhenko, V.."]
[Black "Sokolov, V.."]
[Result "0-1"]
[WhiteElo "2231"]
[BlackElo "2000"]
[PlyCount "98"]
[EventDate "2003.??.??"]

1. e4 c5 2. b3 d6 3. f4 Nf6 4. Qf3 Nc6 5. Bb2 a6 6. Ne2 Bg4 7. Qe3 g6 8. h3 Bg7
9. Nbc3 Bxe2 10. Bxe2 d5 11. exd5 Nxd5 12. Qxc5 Nxf4 13. Qf2 Nxe2 14. Qxe2 Nd4
15. Qd3 Rc8 16. O-O-O b5 17. Kb1 O-O 18. Rc1 f5 19. Rhe1 e5 20. Ne2 Nc6 21.
Qxd8 Rfxd8 22. d3 Nb4 23. a3 Nd5 24. Ng1 Bh6 25. Rcd1 Ne3 26. Rxe3 Bxe3 27.
Bxe5 Bd4 28. Bxd4 Rxd4 29. Nf3 Rd6 30. Kb2 Re8 31. Rd2 Re3 32. Kc3 a5 33. b4
Rc6+ 34. Kb3 a4+ 35. Kb2 Rd6 36. Kc3 Kf7 37. Rf2 Kf6 38. Kd2 Re7 39. h4 Re4 40.
c3 Rd5 41. Re2 Rxe2+ 42. Kxe2 f4 43. Nd4 Ke5 44. Nc6+ Kd6 45. Nd4 Rxd4 46. cxd4
Kd5 47. Kf3 Kxd4 48. Kxf4 Kxd3 49. Kf3 Kc4 0-1

[Event "Ukrainian e-mail Cup, the 2nd semifinal"]
[Site "2PFK"]
[Date "2003.??.??"]
[Round "?"]
[White "Landik, Yu."]
[Black "Rybchenko, A.."]
[Result "0-1"]
[WhiteElo "2000"]
[BlackElo "2105"]
[PlyCount "48"]
[EventDate "2003.??.??"]

1. e4 e5 2. Nf3 Nc6 3. Bc4 Nf6 4. Ng5 Bc5 5. Nxf7 Bxf2+ 6. Kf1 Qe7 7. Nxh8 d5
8. exd5 Nd4 9. d6 cxd6 10. Bf7+ Kf8 11. h3 Bh4 12. Kg1 Ne4 13. Nc3 Ng3 14. Kh2
Qf6 15. d3 Qf2 16. Rg1 Bxh3 17. Kxh3 Nge2 18. Nxe2 Nxe2 19. g3 Nxg1+ 20. Kxh4
Rc8 21. d4 Rxc2 22. Kg4 Qg2 23. dxe5 Qh3+ 24. Kf4 Rf2+ 0-1

[Event "Ukrainian e-mail Cup, the 2nd semifinal"]
[Site "2PFK"]
[Date "2003.??.??"]
[Round "?"]
[White "Krainyk, T.."]
[Black "Omesj, V.."]
[Result "1-0"]
[WhiteElo "2100"]
[BlackElo "2000"]
[PlyCount "63"]
[EventDate "2003.??.??"]

1. e4 Nf6 2. e5 Nd5 3. d4 d6 4. Nf3 Bg4 5. Be2 e6 6. O-O Be7 7. c4 Nb6 8. Nc3
O-O 9. Be3 d5 10. c5 Bxf3 11. gxf3 Nc8 12. Kh1 Bh4 13. Rg1 Ne7 14. Bd3 Kh8 15.
Qf1 Nf5 16. Qh3 c6 17. Bxf5 exf5 18. Qxf5 g6 19. Bh6 Bxf2 20. Bxf8 Qxf8 21.
Qf6+ Kg8 22. Rgd1 Nd7 23. Qg5 Qd8 24. Qd2 Bh4 25. Ne2 Nf8 26. Rg1 Ne6 27. f4 f5
28. Qd3 Qf8 29. b4 a6 30. a4 Bf2 31. Rgf1 Bh4 32. b5 {
The Blacks have stopped corresponding.} 1-0

[Event "Ukrainian e-mail Cup, the 2nd semifinal"]
[Site "2PFK"]
[Date "2003.??.??"]
[Round "?"]
[White "Kuznetsov, I.."]
[Black "Kulik, G.."]
[Result "1-0"]
[WhiteElo "2000"]
[BlackElo "2100"]
[PlyCount "47"]
[EventDate "2003.??.??"]

1. c4 c5 2. Nc3 e6 3. Nf3 d5 4. cxd5 exd5 5. d4 Nc6 6. g3 Nf6 7. Bg2 Be7 8. O-O
O-O 9. Bg5 cxd4 10. Nxd4 h6 11. Be3 Re8 12. Qc2 Bg4 13. h3 Bd7 14. Rad1 Qc8 15.
Kh2 Bd6 16. Ndb5 Bxg3+ 17. fxg3 Rxe3 18. Rxf6 gxf6 19. Nxd5 Re6 20. Qf5 Kg7 21.
Qg4+ Kh8 22. Nbc7 Rb8 23. Qf4 Qf8 24. Nxf6 1-0

[Event "Ukrainian e-mail Cup, the 2nd semifinal"]
[Site "2PFK"]
[Date "2003.??.??"]
[Round "?"]
[White "Omesj, V.."]
[Black "Kuznetsov, I.."]
[Result "1/2-1/2"]
[WhiteElo "2000"]
[BlackElo "2000"]
[PlyCount "48"]
[EventDate "2003.??.??"]

1. e4 e5 2. Nf3 Nc6 3. Bb5 a6 4. Ba4 Nf6 5. O-O Be7 6. Re1 b5 7. Bb3 O-O 8. c3
d5 9. exd5 Nxd5 10. Nxe5 Nxe5 11. Rxe5 c6 12. g3 Bd6 13. Re1 Qd7 14. d4 Qh3 15.
Be3 Bg4 16. Qd3 Rae8 17. Nd2 Re6 18. a4 Qh5 19. axb5 axb5 20. Qf1 Bh3 21. Qe2
Bg4 22. Qf1 Bh3 23. Qe2 Bg4 24. Qf1 Bh3 1/2-1/2

[Event "Ukrainian e-mail Cup, the 2nd semifinal"]
[Site "2PFK"]
[Date "2003.??.??"]
[Round "?"]
[White "Rybchenko, A.."]
[Black "Krainyk, T.."]
[Result "1/2-1/2"]
[WhiteElo "2105"]
[BlackElo "2100"]
[PlyCount "82"]
[EventDate "2003.??.??"]

1. e4 e5 2. Nf3 Nc6 3. Bb5 a6 4. Ba4 Nf6 5. O-O Be7 6. Re1 b5 7. Bb3 d6 8. c3
O-O 9. h3 Na5 10. Bc2 c5 11. d4 Qc7 12. Nbd2 cxd4 13. cxd4 Nc6 14. Nb3 a5 15.
Be3 a4 16. Nbd2 Bd7 17. Rc1 Rac8 18. Bd3 Qb8 19. Qe2 Nb4 20. Bb1 h6 21. Nf1 Nc6
22. Ng3 Bd8 23. dxe5 dxe5 24. Nf5 Bxf5 25. exf5 Re8 26. Kh1 Ba5 27. Red1 Ne7
28. Rxc8 Rxc8 29. Bc1 Nc6 30. Be3 Bb6 31. Bxb6 Qxb6 32. Be4 Nxe4 33. Qxe4 Qc5
34. f6 Qc4 35. Qf5 Qe6 36. Qxe6 fxe6 37. f7+ Kxf7 38. Rc1 Kf6 39. Rc5 Rd8 40.
Rxc6 e4 41. Rb6 exf3 1/2-1/2

[Event "Ukrainian e-mail Cup, the 2nd semifinal"]
[Site "2PFK"]
[Date "2003.??.??"]
[Round "?"]
[White "Saenko, O.."]
[Black "Landik, Yu."]
[Result "1-0"]
[WhiteElo "2291"]
[BlackElo "2000"]
[PlyCount "109"]
[EventDate "2003.??.??"]

1. e4 e5 2. Nf3 Nc6 3. Bb5 a6 4. Ba4 Nf6 5. O-O Nxe4 6. Re1 Nc5 7. Bxc6 dxc6 8.
Nxe5 Be7 9. d4 Ne6 10. Be3 O-O 11. Nc3 f6 12. Nf3 Bb4 13. Qd3 Qd6 14. Re2 Bd7
15. Ne4 Qd5 16. c4 Qf5 17. a3 Bd6 18. d5 Nf4 19. Bxf4 Bxf4 20. Nd4 Qh5 21. Ng3
Qg6 22. Qxg6 hxg6 23. dxc6 bxc6 24. Ne4 Be5 25. Rd1 Rfe8 26. h3 Rad8 27. Red2
Bf5 28. Nxf5 Rxd2 29. Rxd2 gxf5 30. Nc5 Bd6 31. Nd3 Rd8 32. Kf1 a5 33. Ke2 Kf7
34. c5 Re8+ 35. Kd1 Bf8 36. Kc2 g6 37. Kc3 Re4 38. b3 Bh6 39. Ra2 f4 40. f3 Re3
41. Rd2 Ke6 42. Kc4 Kf5 43. a4 Re8 44. Nc1 Bf8 45. b4 axb4 46. Re2 Ra8 47. Nb3
Kg5 48. Kxb4 Rb8+ 49. Kc4 Kh4 50. a5 Ra8 51. Ra2 Ra6 52. Nd4 f5 53. Nc2 Ra8 54.
Nb4 Bg7 55. a6 1-0

[Event "Ukrainian e-mail Cup, the 2nd semifinal"]
[Site "2PFK"]
[Date "2003.??.??"]
[Round "?"]
[White "Svidlo, A.."]
[Black "Zhila, V.."]
[Result "1/2-1/2"]
[WhiteElo "2000"]
[BlackElo "2000"]
[PlyCount "109"]
[EventDate "2003.??.??"]

1. c4 e5 2. Nc3 Bb4 3. Nf3 Bxc3 4. bxc3 Nc6 5. d4 e4 6. Ng5 f5 7. d5 Na5 8. Qd4
Qf6 9. Bf4 Qxd4 10. cxd4 Nxc4 11. Bxc7 e3 12. Rc1 b5 13. a4 Ba6 14. axb5 Bxb5
15. fxe3 Nxe3 16. Rc5 a6 17. Bf4 Ng4 18. d6 g6 19. g3 Bc6 20. d5 Bb7 21. Bg2
N4f6 22. Be5 h6 23. Nf3 Rh7 24. Nh4 Ng4 25. Nxg6 Kf7 26. Nh8+ Kf8 27. Bd4 Re8
28. O-O N8f6 29. Rxf5 Rxh8 30. Bxf6 Nxf6 31. Rxf6+ Kg7 32. Rf5 Rxe2 33. Rc7 Kg6
34. Rf2 Re1+ 35. Rf1 Rxf1+ 36. Bxf1 Bc8 37. Ra7 Rf8 38. Be2 Kf6 39. h4 a5 40.
Bb5 Ke5 41. Ra8 Kxd6 42. Ba6 Kc7 43. d6+ Kxd6 44. Rxc8 Rxc8 45. Bxc8 a4 46. Ba6
Kc5 47. Bd3 Kd4 48. Bb1 Ke3 49. Ba2 Ke4 50. Kf2 a3 51. Bb1+ Ke5 52. Ke3 d5 53.
g4 d4+ 54. Kf3 d3 55. Ke3 1/2-1/2

[Event "Ukrainian e-mail Cup, the 2nd semifinal"]
[Site "2PFK"]
[Date "2003.??.??"]
[Round "?"]
[White "Sokolov, V.."]
[Black "Zhelezny, A.."]
[Result "1-0"]
[WhiteElo "2000"]
[BlackElo "2000"]
[PlyCount "71"]
[EventDate "2003.??.??"]

1. e4 c5 2. Nf3 Nc6 3. d4 cxd4 4. Nxd4 e5 5. Nb5 d6 6. N1c3 a6 7. Na3 Nf6 8.
Bg5 b5 9. Bxf6 gxf6 10. Nd5 Be6 11. c3 Rg8 12. Nc2 Bxd5 13. Qxd5 Ne7 14. Qd1
Qb6 15. a4 Rb8 16. axb5 axb5 17. Nb4 Bh6 18. Ra6 Qb7 19. f3 Be3 20. Rxd6 Kf8
21. Rxf6 Kg7 22. Rd6 Qa7 23. Be2 Kh8 24. Rd7 Rb7 25. Rxb7 Qxb7 26. g3 Ra8 27.
Qd6 Ng6 28. Kf1 Qc8 29. Qf6+ Kg8 30. Kg2 Bc5 31. Nd5 Ra6 32. Qg5 Qc6 33. Rd1
Kg7 34. h4 Ra2 35. h5 h6 36. Qf5 1-0

[Event "Ukrainian e-mail Cup, the 2nd semifinal"]
[Site "2PFK"]
[Date "2003.??.??"]
[Round "?"]
[White "Sukhov, N.."]
[Black "Dovzhenko, V.."]
[Result "1-0"]
[WhiteElo "2000"]
[BlackElo "2231"]
[PlyCount "51"]
[EventDate "2003.??.??"]

1. e4 e5 2. Nf3 Nc6 3. Bb5 f5 4. Nc3 fxe4 5. Nxe4 d5 6. Nxe5 dxe4 7. Nxc6 Qd5
8. c4 Qd6 9. Nxa7+ c6 10. Nxc8 Rxc8 11. Ba4 Nf6 12. O-O Be7 13. Bb3 Rd8 14. d4
exd3 15. Be3 Qe5 16. Re1 Qxb2 17. Bc5 Ng8 18. Rb1 Qf6 19. Bb6 Rd7 20. c5 Qf4
21. g3 Qd4 22. Qd2 Nf6 23. Be6 Ne4 24. Bxd7+ Kxd7 25. Qf4 Rf8 26. Qxe4 1-0

[Event "Ukrainian e-mail Cup, the 2nd semifinal"]
[Site "2PFK"]
[Date "2003.??.??"]
[Round "?"]
[White "Ugrinovsky, A.."]
[Black "Degteriov, P.."]
[Result "0-1"]
[WhiteElo "2275"]
[BlackElo "2081"]
[PlyCount "60"]
[EventDate "2003.??.??"]

1. e4 e5 2. f4 exf4 3. Nf3 d5 4. exd5 Nf6 5. c4 c6 6. Nc3 cxd5 7. cxd5 Bd6 8.
Qe2+ Be7 9. Qb5+ Nbd7 10. d4 O-O 11. Bxf4 Nb6 12. Bc4 a6 13. Qb3 Nxc4 14. Qxc4
b5 15. Qc7 b4 16. Qxd8 Rxd8 17. Ne2 Nxd5 18. Bg3 a5 19. Rc1 Be6 20. Kd2 a4 21.
Rhe1 Bf8 22. Ng5 Bf5 23. Nf3 g6 24. Bf4 f6 25. g3 g5 26. Be3 Rac8 27. h3 b3 28.
a3 Bc2 29. Nc3 Nxc3 30. bxc3 Be4 0-1

[Event "Ukrainian e-mail Cup, the 2nd semifinal"]
[Site "2PFK"]
[Date "2003.??.??"]
[Round "?"]
[White "Khudoly, K.."]
[Black "Bubir, A.."]
[Result "1/2-1/2"]
[WhiteElo "2100"]
[BlackElo "2181"]
[PlyCount "62"]
[EventDate "2003.??.??"]

1. d4 Nf6 2. Bf4 g6 3. Qd2 Bg7 4. Nc3 d5 5. Bh6 Bxh6 6. Qxh6 Qd6 7. e3 c6 8. f3
Nbd7 9. O-O-O Nb6 10. e4 dxe4 11. fxe4 Ng4 12. Qg7 Rf8 13. e5 Qb4 14. a3 Qa5
15. Nf3 Be6 16. Ng5 O-O-O 17. Nxe6 fxe6 18. Qxe7 Nf2 19. Bd3 Rfe8 20. Qf7 Nxh1
21. Ne4 Rf8 22. Qxe6+ Kb8 23. Rxh1 Rxd4 24. Qe7 Rc8 25. Nd6 Rc7 26. Qe8+ Nc8
27. Qh8 Rg4 28. Ne8 Re7 29. Nd6 Rc7 30. Ne8 Re7 31. Nd6 Rc7 1/2-1/2